LEADER 01265cam0-22003611i-450 001 990007402110403321 005 20230621154248.0 035 $a000740211 100 $a20030327d1979----km-y0itay50------ba 101 0 $aita 102 $aIT 105 $ay-------001yy 200 1 $aSciopero, potere politico e magistratura, 1870-1922$ericerca affidata all'Istituto di scienze politiche dell'Universita di Torino e realizzata con il contributo del Consiglio nazionale delle ricerche$fGuido Neppi Modona$gprefazione di Alessandro Galante Garrone 210 $aRoma ; Bari$cLaterza$d1979 215 $a2 v. (509 p.)$d18 cm 225 1 $aUniversale Laterza$v501$v502 327 0 $av. 1, 2 610 0 $aSindacati$aItalia$a1870-1922 610 0 $aMagistratura$aItalia$a1870-1922 610 0 $aMovimento operaio$aItalia$a1870-1922 676 $a331.88$v22$zita 676 $a347.45 700 1$aNeppi Modona,$bGuido$0139716 801 0$aIT$bUNINA$gRICA$2UNIMARC 901 $aBK 912 $a990007402110403321 952 $aCollez. 114 (501)$fFSPBC 952 $aCollez. 114 (502)$fFSPBC 952 $aMAR / NEP 1,1$b10048$BFS 959 $aFSPBC 959 $aBFS 996 $aSciopero, potere politico e magistratura, 1870-1922$9293748 997 $aUNINA LEADER 01936nas 2200541-a 450 001 9910309849103321 005 20250507172059.0 035 $a(OCoLC)36875243 035 $a(CKB)958480158177 035 $a(CONSER)sn-97036844- 035 $a(EXLCZ)99958480158177 100 $a19970508a19969999 s-- a 101 0 $aeng 135 $aurcnu|||||||| 181 $ctxt$2rdacontent 182 $cc$2rdamedia 183 $acr$2rdacarrier 200 10$aFirst Monday 210 $aCopenhagen, Denmark $cMunksgaard International Publishers$d1996- 300 $aRefereed/Peer-reviewed 300 $aPublished: Chicago : University of Illinois, Chicago, in cooperation with the University Library, 1999- 300 $aTitle given also with characters representing the journal's logo. 300 $aTitle from title screen (publisher's Web site, viewed May 8, 2000). 311 08$a1396-0466 330 $a"First Monday" is a peer-reviewed journal on the Internet, published on the first Monday of each month. The journal contains articles about the Internet and the global information infrastructure. 517 1 $aFirstMonday 517 1 $a1st Monday 517 1 $aFM 531 0 $aFirst Monday 606 $aInformation superhighway$vPeriodicals 606 $aInternet$vPeriodicals 606 $aWorld Wide Web$vPeriodicals 606 $aInformation superhighway$2fast$3(OCoLC)fst00973075 606 $aInternet$2fast$3(OCoLC)fst00977184 606 $aWorld Wide Web$2fast$3(OCoLC)fst01181326 608 $aPeriodicals.$2fast 615 0$aInformation superhighway 615 0$aInternet 615 0$aWorld Wide Web 615 7$aInformation superhighway. 615 7$aInternet. 615 7$aWorld Wide Web. 676 $a004.67 712 02$aUniversity of Illinois at Chicago.$bLibrary. 906 $aJOURNAL 912 $a9910309849103321 996 $aFirst Monday$91917259 997 $aUNINA